Refaktorovanie softvérových systémov pomocou XML technológií

Uložené v:
Podrobná bibliografia
Hlavný autor: Markovič, Lukáš (Autor)
Ďalší autori: Polášek, Ivan (Vedúci práce)
Médium: Rukopis Kniha
Jazyk:Slovak
Vydavateľské údaje: 2016
Predmet:
On-line prístup:http://is.stuba.sk/zp/portal_zp.pl?podrobnosti=119277
Tagy: Pridať tag
Žiadne tagy, Buďte prvý, kto otaguje tento záznam!

MARC

LEADER 00000ntm a22000003a 4500
001 stuzp58936
003 SK-STU
005 20160719155718.2
007 ta
008 150427s2015----xo-----f-mn---000-0-slo-d
040 |a STU  |b slo 
041 0 |a slo 
100 1 |a Markovič, Lukáš  |u 070200  |k Z4  |4 aut  |U FIIT Fakulta informatiky a informačných technológií  |T FIIT Ústav informatiky, informačných systémov a softvérového inžinierstva  |X 46122  |U I200  |Y 179  |7 A000046122 
242 0 1 |a Refactoring of software systems using XML technologies  |y eng 
245 1 0 |a Refaktorovanie softvérových systémov pomocou XML technológií 
260 |c 2016 
650 4 |a Refaktoring  |2 slo 
650 4 |a XML  |2 slo 
650 4 |a Expertný systém  |2 slo 
650 4 |a XML databázy  |2 slo 
650 4 |a XQuery  |2 slo 
650 4 |a Refactoring  |2 eng 
650 4 |a Expert system  |2 eng 
650 4 |a XML databases  |2 eng 
650 4 |a XML  |2 eng 
650 4 |a XQuery  |2 eng 
700 1 |a Polášek, Ivan  |u 070200  |k Z1  |4 ths  |U FIIT Fakulta informatiky a informačných technológií  |T FIIT Ústav informatiky, informačných systémov a softvérového inžinierstva  |X 1426  |U I200  |Y 179  |7 1426 
856 4 |u http://is.stuba.sk/zp/portal_zp.pl?podrobnosti=119277 
996 |b 8198  |c I* DIP 22/2016  |l II680  |s P  |a 0  |w stuzp58936_0001 
SQL |a stuzp58936  |b DDP  |c SLO  |d Refaktorovanie softvérových systémov pomocou XML technológií  |e 46122  |f Markovič, Lukáš  |g 070200  |h 1426  |i Polášek, Ivan  |j 20160613  |k 211  |l 07  |m http://is.stuba.sk/zp/portal_zp.pl?podrobnosti=119277  |n I-SI2  |o 9.2.5. softvérové inžinierstvo